|
|
|
|
| LEADER |
01214nam a2200349Ia 4500 |
| 001 |
EBC459726 |
| 003 |
MiAaPQ |
| 005 |
20200520144314.0 |
| 006 |
m o d | |
| 007 |
cr cn||||||||| |
| 008 |
070607s2008 dcu s 000 0 eng d |
| 010 |
|
|
|z 2007022160
|
| 020 |
|
|
|z 9780821371954 (alk. paper)
|
| 020 |
|
|
|z 9780821371961
|
| 035 |
|
|
|a (MiAaPQ)EBC459726
|
| 035 |
|
|
|a (Au-PeEL)EBL459726
|
| 035 |
|
|
|a (CaPaEBR)ebr10197131
|
| 035 |
|
|
|a (CaONFJC)MIL111321
|
| 035 |
|
|
|a (OCoLC)290490752
|
| 040 |
|
|
|a MiAaPQ
|c MiAaPQ
|d MiAaPQ
|
| 050 |
|
4 |
|a HC885
|b .U89 2008
|
| 082 |
0 |
4 |
|a 338.96789
|2 22
|
| 100 |
1 |
|
|a Utz, Robert J.
|
| 245 |
1 |
0 |
|a Sustaining and sharing economic growth in Tanzania
|h [electronic resource] /
|c Robert J. Utz.
|
| 260 |
|
|
|a Washington, DC :
|b World Bank,
|c 2008.
|
| 300 |
|
|
|a xxi, 341 p.
|
| 533 |
|
|
|a Electronic reproduction. Ann Arbor, MI : ProQuest, 2015. Available via World Wide Web. Access may be limited to ProQuest affiliated libraries.
|
| 650 |
|
0 |
|a Poverty
|z Tanzania.
|
| 651 |
|
0 |
|a Tanzania
|x Economic policy.
|
| 655 |
|
4 |
|a Electronic books.
|
| 710 |
2 |
|
|a ProQuest (Firm)
|
| 856 |
4 |
0 |
|u https://ebookcentral.proquest.com/lib/matrademy/detail.action?docID=459726
|z Click to View
|